| 000 | 01954cam a22004094a 4500 | ||
|---|---|---|---|
| 005 | 20260322212003.0 | ||
| 008 | data | ||
| 010 | _a 2005012948 | ||
| 015 |
_aGBA598696 _2bnb |
||
| 016 | 7 |
_a013342725 _2Uk |
|
| 020 |
_a0792278879 (hardcover) : _c{dollar}18.95 |
||
| 020 | _a0792278887 | ||
| 020 | _a9780792278870 | ||
| 020 | _a9780792278887 | ||
| 037 |
_bJunior Library Guild _nhttp://www.juniorlibraryguild.com |
||
| 040 |
_aDLC _cDLC _dDLC _dTEF _dUKM _dDLC |
||
| 042 |
_alcac _alcac |
||
| 050 | 0 | 0 |
_aGV841.5 _b.M33 2006 |
| 082 | 0 | 0 |
_a796.98 _222 |
| 092 | _a796.98 Mac 2006 | ||
| 100 | 1 | _aMacy, Sue. | |
| 245 | 1 | 0 |
_aFreeze frame : _ba photographic history of the Winter Olympics / _cSue Macy. |
| 260 |
_aWashington, D.C. : _bNational Geographic, _cc2006. |
||
| 300 |
_a96 p. : _bill. (some col.), map ; _c29 cm. |
||
| 504 | _aIncludes bibliographical references (p. 92) and index. | ||
| 520 | _aHighlights in the history of the Winter Olympics from their inception in 1924 to today, including profiles of the Olympic athletes and information on the lesser-known winter sports. Also includes an Olympic almanac with information about each Olympiad. | ||
| 526 | 0 |
_aAccelerated Reader/Renaissance Learning _bMG _c8.6 _d3 |
|
| 586 | 8 | _aA Junior Library Guild selection. | |
| 650 | 0 |
_aWinter Olympics _xHistory _vJuvenile literature. |
|
| 650 | 0 |
_aWinter Olympics _xHistory _vJuvenile literature. _vJuvenile literature. |
|
| 650 | 1 |
_aWinter Olympics _xHistory. |
|
| 650 | 1 |
_aWinter Olympics _xHistory _vPictorial works. |
|
| 856 | 4 | 1 |
_3Table of contents only _uhttp://www.loc.gov/catdir/toc/ecip0512/2005012948.html |
| 856 | 4 | 2 |
_3Contributor biographical information _uhttp://www.loc.gov/catdir/enhancements/fy0622/2005012948-b.html |
| 856 | 4 | 2 |
_3Publisher description _uhttp://www.loc.gov/catdir/enhancements/fy0622/2005012948-d.html |
| 001 | data | ||
| 999 |
_c17 _d17 |
||